| 000 | 00436nam a2200169Ia 4500 | ||
|---|---|---|---|
| 003 | GCL | ||
| 008 | 140319s9999 xx 000 0 eng d | ||
| 040 |
_aGCL / _cGCL |
||
| 082 | 0 | 4 |
_a960 _bF A |
| 100 | 1 | _aFLEMING, EDIRH | |
| 245 | 1 | 0 |
_aAFRICA AND ITS PEOPLE / _cFLEMING, EDIRH |
| 260 |
_a[S.N] : _bCHICAGS NATURAL HISTORY MUSEUM ، _c1958 |
||
| 650 | 0 | 4 | _aHISTORY |
| 650 | 0 | 4 | _aAFRICA |
| 650 | 0 | 4 | _aAFRICA - HISTORY |
| 942 |
_2ddc _cBK |
||
| 999 |
_c11945 _d11945 |
||